logo

Bir Sreshtho Munshi Abdur Rouf Library
Jhenaidah Cadet College

Dictionary of pi-electron calculations / (Record no. 9972)

MARC details
000 -LEADER
fixed length control field 00718nam a2200229 a 4500
001 - CONTROL NUMBER
JCCL Control Number 9972
003 - CONTROL NUMBER IDENTIFIER
JCCL marc code BD - JhCC
005 - DATE AND TIME OF LATEST TRANSACTION
control field 20180404101256.0
008 - FIXED-LENGTH DATA ELEMENTS--GENERAL INFORMATION
fixed length control field 180403s1965 enk 000 0 eng d
035 ## - SYSTEM CONTROL NUMBER
system control number (BD-JhCC)9972
040 ## - CATALOGING SOURCE
Original cataloging agency BD-JhCC
Modifying agency BD-JhCC
041 ## - LANGUAGE CODE
Language code of Book eng
082 ## - DEWEY DECIMAL CLASSIFICATION NUMBER
Author mark and Year DIC 1965
Classification number 541.220212
245 00 - TITLE STATEMENT
Title Dictionary of pi-electron calculations /
Statement of responsibility, etc C.A. Coulson and A. Streitwieser ; with extensive help from M.D. Poole and J.I. Brauman
260 ## - PUBLICATION, DISTRIBUTION, ETC. (IMPRINT)
Place of publication, distribution, etc Oxford :
Name of publisher, distributor, etc Pergamon,
Date of publication, distribution, etc 1965.
300 ## - PHYSICAL DESCRIPTION
Pagination xxx, 358 p. ;
Dimensions 30 cm
650 #0 - SUBJECT ADDED ENTRY--TOPICAL TERM
Topical term or geographic name as entry element Molecular structure
General subdivision Tables
700 1# - ADDED ENTRY--PERSONAL NAME
Personal name Coulson, C. A.
Fuller form of name (Charles Alfred),
Dates associated with a name 1910-1974.
700 1# - ADDED ENTRY--PERSONAL NAME
Personal name Streitwieser, Andrew,
Dates associated with a name 1927-
942 ## - ADDED ENTRY ELEMENTS (KOHA)
Source of classification or shelving scheme Dewey Decimal Classification
Koha item type Reference
Holdings
Source of classification or shelving scheme Damaged status Not for loan Home library Current library Shelving location Date of accession Total Checkouts Full call number Barcode Date last seen Copy number Koha item type
Dewey Decimal Classification     JCC Rouf Library JCC Rouf Library General Stacks 04/03/2018   541.220212 DIC 1965 13437 04/03/2018 C-1 Reference

JCC Library | Contacts | JCC Home

Last Update on 23 September 2017
Copyright @ 2017-2020 JCC Rouf Library
Rouf Library, Jhenidah Cadet College (JCC), Bangladesh